000 00709nam a2200265 a 4500
005 20180803165123.0
008 140121b2004 ck ||||| |||| 00| 0 spa d
041 _aspa
044 _ack
090 _aIAvH
_b00150
100 _aRodríguez, Nelly
_92387
245 _aEcosistemas de los Andes colombianos
260 _aBogotá
_bInstituto Alexander von Humboldt
_c2004
300 _a155 p.
650 _aEcosistemas
_992256
650 _aBiomas
_94468
650 _aCartografía
_91917
650 _aPaisaje
_92521
662 _aColombia
700 _aArmenteras, Dolors
_92694
700 _aMorales, Mónica
_92695
700 _aRomero, Milton
_94469
942 _cCD-ROM
_02
_2z
945 _d2004-04-05
999 _c3791
_d3791